Statistics for Popes Since 1900

Click here to take the quiz!

General Stats

  • This quiz has been taken 114 times
    (90 since last reset)
  • The average score is 9 of 11

Answer Stats

yearpope% Correct
2013{Francis}
97%
1978{John Paul} II
97%
2005{Benedict} XVI
94%
1978{John Paul} I
91%
1958{John} XXIII
80%
1939{Pius} XII
78%
1963{Paul} VI
77%
1903{Pius} X
77%
1922{Pius} XI
77%
1914{Benedict} XV
66%
1900{Leo} XIII
63%

Score Distribution

Percentile by Number Answered

Percent of People with Each Score

Your Score History

You have not taken this quiz since the last reset